Normal view
MARC view
- Electronic digital computers
Entry Topical Term
001 - CONTROL NUMBER
- control field: 112516
003 - CONTROL NUMBER IDENTIFIER
- control field: NUST
005 - DATE AND TIME OF LATEST TRANSACTION
- control field: 20230522123258.0
008 - FIXED-LENGTH DATA ELEMENTS
- fixed length control field: 230522|| aca||aabn | a|a d
040 ## - CATALOGING SOURCE
- Original cataloging agency: NUST
- Transcribing agency: NUST
150 ## - HEADING--TOPICAL TERM
- Topical term or geographic name entry element: Electronic digital computers
- General subdivision: Handbooks, manuals, etc
670 ## - SOURCE DATA FOUND
- Source citation: Work cat.: (NUST)176096: MacGowan, Roger A. 112514, CDP review manual :, [1972]
